000 00232nam a2200097Ia 4500
001 717231
005 20250826162959.0
008 250824s9999 xx 000 0 und d
245 0 _aASIM
_cMEHMET AKİF ERSOY
260 _bDERGAH YAYINLARI
999 _c717231
_d717231